Online katalóg knižníc regiónu Turca

Podivná sestra (Record no. 21488)

MARC details
000 -LEADER
fixed length control field 01517cam a2200433 4500
001 - CONTROL NUMBER
control field 21488
003 - CONTROL NUMBER IDENTIFIER
control field VRT
005 - DATE AND TIME OF LATEST TRANSACTION
control field 20260302142524.0
008 - FIXED-LENGTH DATA ELEMENTS--GENERAL INFORMATION
fixed length control field 210209s2019 xo gr 000 j slo
015 ## - NATIONAL BIBLIOGRAPHY NUMBER
National bibliography number SNBA2020/08
020 ## - INTERNATIONAL STANDARD BOOK NUMBER
International Standard Book Number 9788056904947
Qualifying information (viazané)
035 ## - SYSTEM CONTROL NUMBER
System control number urn:nbn:sk:snk-am00ee12
035 ## - SYSTEM CONTROL NUMBER
System control number urn:nbn:sk:snk-am3ihbi
035 ## - SYSTEM CONTROL NUMBER
System control number 0CF378B3-6957-429E-9338-DD1B457EEEA1
039 #9 - LEVEL OF BIBLIOGRAPHIC CONTROL AND CODING DETAIL [OBSOLETE]
Level of rules in bibliographic description 202102090838
Level of effort used to assign nonsubject heading access points VLOAD
Level of effort used to assign subject headings 202102081102
Level of effort used to assign classification VLOAD
Level of effort used to assign subject headings 202008071008
Level of effort used to assign classification msnk159
Level of effort used to assign subject headings 202003201450
Level of effort used to assign classification msnk04
040 ## - CATALOGING SOURCE
Original cataloging agency PPPK
Language of cataloging slo
Transcribing agency PPPK ‬
Modifying agency SNK
Description conventions rda
041 0# - LANGUAGE CODE
Language code of text/sound track or separate title slo
044 ## - COUNTRY OF PUBLISHING/PRODUCING ENTITY CODE
MARC country code xo
ISO country code SK
072 #7 - SUBJECT CATEGORY CODE
Subject category code 821.162.4-3
Subject category code subdivision Slovenská próza
Source konspekt
080 ## - UNIVERSAL DECIMAL CLASSIFICATION NUMBER
Universal Decimal Classification number 821.162.4-32
Edition identifier 2011
100 1# - MAIN ENTRY--PERSONAL NAME
Personal name Hlavatá, Dana,
Dates associated with a name 1957-
Relationship aut
245 10 - TITLE STATEMENT
Title Podivná sestra
Statement of responsibility, etc. Dana Hlavatá
250 ## - EDITION STATEMENT
Edition statement 1. vydanie
264 #1 - PRODUCTION, PUBLICATION, DISTRIBUTION, MANUFACTURE, AND COPYRIGHT NOTICE
Place of production, publication, distribution, manufacture Bratislava
Name of producer, publisher, distributor, manufacturer Marenčin PT
Date of production, publication, distribution, manufacture, or copyright notice 2019
300 ## - PHYSICAL DESCRIPTION
Extent 158 strán
Dimensions 21 cm
336 ## - CONTENT TYPE
Content type term text
Content type code txt
Source rdacontent
337 ## - MEDIA TYPE
Media type term bez média
Media type code n
Source rdamedia
338 ## - CARRIER TYPE
Carrier type term zväzok
Carrier type code nc
Source rdacarrier
500 ## - GENERAL NOTE
General note Obsahuje biografické údaje o autorke na záložke prebalu publikácie
655 #7 - INDEX TERM--GENRE/FORM
Genre/form data or focus term slovenské príbehy
Source of term SNKPH
655 #7 - INDEX TERM--GENRE/FORM
Genre/form data or focus term Slovak stories
Source of term SNKPHeng
910 ## - USER-OPTION DATA (OCLC)
User-option data snk
942 ## - ADDED ENTRY ELEMENTS (KOHA)
Source of classification or shelving scheme Dewey Decimal Classification
Koha item type Krásna literatúra pre dospelých
Suppress in OPAC No
949 ## - LOCAL PROCESSING INFORMATION (OCLC)
6 273K0658760
a svkpoA 246167
b svkpo649045
949 ## - LOCAL PROCESSING INFORMATION (OCLC)
6 17A1417994
a snkSC 188387
b snk2020/6892
o 460/2020
s 6100:20200811
949 ## - LOCAL PROCESSING INFORMATION (OCLC)
6 17A1417995
a snkSC 188387 D1
b snk2020/6893
o 460/2020
949 ## - LOCAL PROCESSING INFORMATION (OCLC)
6 2889356684
a savukPV 29930
b savuk2020/959
949 ## - LOCAL PROCESSING INFORMATION (OCLC)
6 270001000641642
a svkbbA 160189
b svkbbm 789192
Holdings
Stav vyradenia Strata Poškodenie Spôsob nadobudnutia Domovská knižnica Aktuálna knižnica Dátum nadobudnutia Total checkouts Čiarový kód exemplára Date last seen Typ exemplára
      Dar Obecná knižnica Turčianska Štiavnička Obecná knižnica Turčianska Štiavnička 02.03.2026   4738000197 02.03.2026 Krásna literatúra pre dospelých
Projekt je podporený Slovenskou asociáciou knižníc
Prevádzkuje Turčianska knižnica Martin 2026